00886cam a2200265 a 4500020001500000020001800015040000800033082002600041100002700067245008000094260003900174300003700213650002300250650003000273650002700303650002200330650002200352650001600374700001900390700002300409700002300432710003300455856006400488856006800552 a0618144757 a9780618144754 cDLC a939 HOU 2002 A100 Or.1 aLapatin, Kenneth D. S.10aMysteries of the snake goddess :bart, desire, and the forging of history / aBoston :bHoughton Mifflin,c2002. ax, 274 p. :bill., map ;c22 cm. 0aSculpture, Minoan. 0aExcavations (Archaeology) 0aForgery of antiquities 0aCultural property 0aGoddesses in art. 0aAntiquities1 aEvans, Arthur,1 aSeager, Richard B.1 aFairbanks, Arthur,2 aMuseum of Fine Arts, Boston.42uhttp://www.loc.gov/catdir/description/hm021/2001051892.html42uhttp://www.loc.gov/catdir/enhancements/fy0736/2001051892-b.html